<?xml version="1.0" encoding="UTF-8"?>
<record
    xmlns:xsi="http://www.w3.org/2001/XMLSchema-instance"
    xsi:schemaLocation="http://www.loc.gov/MARC21/slim http://www.loc.gov/standards/marcxml/schema/MARC21slim.xsd"
    xmlns="http://www.loc.gov/MARC21/slim">

  <leader>00862nam a22002657a 4500</leader>
  <datafield tag="999" ind1=" " ind2=" ">
    <subfield code="c">109376</subfield>
    <subfield code="d">109376</subfield>
  </datafield>
  <controlfield tag="005">20200311160138.0</controlfield>
  <datafield tag="010" ind1=" " ind2=" ">
    <subfield code="a">A-794545   A-794546</subfield>
  </datafield>
  <datafield tag="020" ind1=" " ind2=" ">
    <subfield code="c">300.00</subfield>
  </datafield>
  <datafield tag="035" ind1=" " ind2=" ">
    <subfield code="a">A-794545</subfield>
  </datafield>
  <datafield tag="035" ind1=" " ind2=" ">
    <subfield code="a">A-794546</subfield>
  </datafield>
  <datafield tag="037" ind1=" " ind2=" ">
    <subfield code="b">Cen Lib/Ret</subfield>
  </datafield>
  <datafield tag="082" ind1=" " ind2=" ">
    <subfield code="a">&#x646;</subfield>
    <subfield code="b">&#x637; &#x627; &#x644; </subfield>
  </datafield>
  <datafield tag="100" ind1=" " ind2=" ">
    <subfield code="a">&#x637;&#x627;&#x644;&#x633;&#x637;&#x627;&#x626;&#x6CC;&#x60C; &#x644;&#x6CC;&#x648;</subfield>
  </datafield>
  <datafield tag="245" ind1=" " ind2=" ">
    <subfield code="a">&#x62C;&#x646;&#x6AF; &#x627;&#x648;&#x631; &#x627;&#x645;&#x646; / </subfield>
    <subfield code="c">&#x644;&#x6CC;&#x648; &#x637;&#x627;&#x644;&#x633;&#x637;&#x627;&#x626;&#x6CC; [&#x627;&#x648;&#x631;] &#x645;&#x62A;&#x631;&#x62C;&#x631;&#x634;&#x627;&#x6C1;&#x62F; &#x62D;&#x645;&#x6CC;&#x62F; </subfield>
    <subfield code="b"> </subfield>
  </datafield>
  <datafield tag="246" ind1=" " ind2=" ">
    <subfield code="a">Jang aur Aman / </subfield>
    <subfield code="b">by Liyu Talistaiy [and] translated by Shahid Hameed </subfield>
  </datafield>
  <datafield tag="260" ind1=" " ind2=" ">
    <subfield code="a">&#x644;&#x627;&#x6C1;&#x648;&#x631; </subfield>
    <subfield code="b">&#x67E;&#x648;&#x644;&#x6CC;&#x645;&#x631; &#x67E;&#x628;&#x644;&#x6A9;&#x62A;&#x6CC;&#x648;&#x646;&#x632; </subfield>
    <subfield code="c">1994 &#x621;</subfield>
  </datafield>
  <datafield tag="270" ind1=" " ind2=" ">
    <subfield code="b">&#x644;&#x627;&#x6C1;&#x648;&#x631; </subfield>
    <subfield code="a">&#x631;&#x627;&#x62D;&#x62A; &#x645;&#x627;&#x631;&#x6A9;&#x6CC;&#x679; &#x627;&#x631;&#x62F;&#x648; &#x628;&#x627;&#x632;&#x627;&#x631; </subfield>
  </datafield>
  <datafield tag="300" ind1=" " ind2=" ">
    <subfield code="a">(920-1782)p.</subfield>
    <subfield code="c">22cm(Hb)</subfield>
  </datafield>
  <datafield tag="650" ind1=" " ind2=" ">
    <subfield code="a">&#x627;&#x631;&#x62F;&#x648; &#x627;&#x62F;&#x628;  </subfield>
  </datafield>
  <datafield tag="650" ind1=" " ind2=" ">
    <subfield code="z"> &#x646;&#x627;&#x648;&#x644;</subfield>
  </datafield>
  <datafield tag="650" ind1=" " ind2=" ">
    <subfield code="a">Urdu literature</subfield>
  </datafield>
  <datafield tag="650" ind1=" " ind2=" ">
    <subfield code="a">Novel </subfield>
  </datafield>
  <datafield tag="700" ind1=" " ind2=" ">
    <subfield code="a">&#x634;&#x627;&#x6C1;&#x62F; &#x62D;&#x645;&#x6CC;&#x62F;</subfield>
  </datafield>
  <datafield tag="942" ind1=" " ind2=" ">
    <subfield code="2">ddc</subfield>
    <subfield code="c">UR</subfield>
    <subfield code="h">&#x646;</subfield>
    <subfield code="m">&#x637; &#x627; &#x644; </subfield>
  </datafield>
  <datafield tag="952" ind1=" " ind2=" ">
    <subfield code="0">0</subfield>
    <subfield code="1">0</subfield>
    <subfield code="4">0</subfield>
    <subfield code="7">0</subfield>
    <subfield code="a">L</subfield>
    <subfield code="b">L</subfield>
    <subfield code="d">2016-03-08</subfield>
    <subfield code="e">1</subfield>
    <subfield code="g">300.00</subfield>
    <subfield code="l">1</subfield>
    <subfield code="o">&#x646;- &#x637; &#x627; &#x644;</subfield>
    <subfield code="p">A-794545</subfield>
    <subfield code="r">2018-02-01 00:00:00</subfield>
    <subfield code="s">2018-01-18</subfield>
    <subfield code="t">1</subfield>
    <subfield code="v">300.00</subfield>
    <subfield code="w">2016-03-08</subfield>
    <subfield code="y">UR</subfield>
  </datafield>
  <datafield tag="952" ind1=" " ind2=" ">
    <subfield code="0">0</subfield>
    <subfield code="1">0</subfield>
    <subfield code="4">0</subfield>
    <subfield code="7">0</subfield>
    <subfield code="8">FIC</subfield>
    <subfield code="a">L</subfield>
    <subfield code="b">L</subfield>
    <subfield code="d">2020-03-11</subfield>
    <subfield code="e">BPPD/Ven.</subfield>
    <subfield code="g">300.00</subfield>
    <subfield code="l">0</subfield>
    <subfield code="o">&#x646; &#x637; &#x627; &#x644;</subfield>
    <subfield code="p">A-794546</subfield>
    <subfield code="r">2020-03-11 00:00:00</subfield>
    <subfield code="t">1</subfield>
    <subfield code="v">300.00</subfield>
    <subfield code="w">2020-03-11</subfield>
    <subfield code="y">UR</subfield>
  </datafield>
</record>
